000 01062nam a22002657a 4500
003 OSt
005 20180427160432.0
008 170817s2018 ua g b 000 0 ara d
020 _a9789777801058
040 _aMa-Un
_bara
_cDar Arab
082 0 4 _221
_a302
_bص ح ع
100 1 _962985
_aالصالحي، حاتم علي
245 1 2 _aالعلاقات العامة والاتصال التفاعلي عبر المواقع الإلكترونية والاجتماعية /
_cحاتم علي الصالحي.
250 _aط. 1.
260 _aالقاهرة :
_bعالم الكتب،
_c2018.
300 _a266 ص. ؛
_c24 سم.
504 _aيشتمل على إرجاعات ببليوجرافية.
650 4 _aالتفاعل الاجتماعي
_963234
650 4 _aالاتصال (علم اجتماع)
_963235
650 4 _aالعلاقات الإنسانية
_963236
650 4 _aالتكنولوجيا
_xجوانب اجتماعية
_960981
942 _cBOOK
949 _aALGU
_d15/05/2009
_iDA8707-8
_n1
_usystem.
949 _aARUC
_n1
_d2011/9/11
_utraining
999 _c42258
_d311878